| 000 | 00498nam a22001457a 4500 | ||
|---|---|---|---|
| 005 | 20120227152010.0 | ||
| 020 |
_a8170002214 _c250.00 |
||
| 035 | _aA-904925 | ||
| 037 |
_aDPL _bENG |
||
| 245 | _aSustainable university library development / | ||
| 260 |
_aNew Delhi _bEss Ess Publications |
||
| 300 |
_ax, 145p. _c18 cms. |
||
| 942 |
_2ddc _cEN _h027.7 _mNAI |
||
| 999 |
_c63531 _d63531 |
||